[Event "XI GRAN TORNEO INTERNACIONAL AFICIONADOS"]
[Site "Benidorm (Alicante - SPAIN)"]
[Date "2012.12.08"]
[Round "10"]
[White "Jensen, Stein"]
[Black "Parals Marce, Luis"]
[Result "1/2-1/2"]
[WhiteElo "2114"]
[BlackElo "2000"]
[PlyCount "45"]
[EventDate "2012.11.30"]
[EventRounds "10"]
[EventCountry "ESP"]

1. c4 Nf6 2. Nf3 b6 3. g3 Bb7 4. Bg2 e6 5. O-O Be7 6. b3 O-O 7. Bb2 a5 8. Qc2
Na6 9. Nc3 Nb4 10. Qb1 d5 11. d3 d4 12. Nb5 c5 13. a3 Na6 14. e3 dxe3 15. fxe3
Ng4 16. Re1 Nc7 17. Nc3 Bf6 18. Nd1 Bxb2 19. Nxb2 Qf6 20. e4 Ne5 21. Nxe5 Qxe5
22. Na4 Bc6 23. Qb2 1/2-1/2

[Event "XI GRAN TORNEO INTERNACIONAL AFICIONADOS"]
[Site "Benidorm (Alicante - SPAIN)"]
[Date "2012.12.08"]
[Round "10"]
[White "Lopez Colon, Francisco"]
[Black "Serarols Mabras, Bernat"]
[Result "0-1"]
[WhiteElo "2093"]
[BlackElo "1955"]
[PlyCount "46"]
[EventDate "2012.11.30"]
[EventRounds "10"]
[EventCountry "ESP"]

1. d4 Nf6 2. c4 e6 3. Nc3 Bb4 4. Qc2 O-O 5. a3 Bxc3+ 6. Qxc3 d6 7. Bg5 Nbd7 8.
Nf3 b6 9. Nd2 c5 10. f3 d5 11. e3 Ba6 12. Rd1 Qc7 13. dxc5 Qxc5 14. b4 Qc7 15.
Qb3 Rac8 16. cxd5 Bxf1 17. Kxf1 Nxd5 18. e4 Nc3 19. Rc1 Qe5 20. Be3 Nd5 21.
Rxc8 Nxe3+ 22. Qxe3 Rxc8 23. Nb1 Qb2 0-1

[Event "XI GRAN TORNEO INTERNACIONAL AFICIONADOS"]
[Site "Benidorm (Alicante - SPAIN)"]
[Date "2012.12.08"]
[Round "10"]
[White "Aledo Lopez, Angel"]
[Black "Megias Ortiz, Vicente Manuel"]
[Result "1-0"]
[WhiteElo "2005"]
[BlackElo "2081"]
[PlyCount "30"]
[EventDate "2012.11.30"]
[EventRounds "10"]
[EventCountry "ESP"]

1. e4 a6 2. Bc4 b5 3. Bxf7+ Kxf7 4. Qh5+ g6 5. Qd5+ e6 6. Qxa8 Nc6 7. Nf3 Bc5
8. d3 Nf6 9. Be3 Bxe3 10. fxe3 Ng4 11. Ke2 Qe7 12. h3 Nf6 13. Nbd2 Qc5 14. Rhc1
d5 15. c4 Qd6 1-0